=LDR 00000nam 2200000 4500 =001 INLIS000000000023399 =005 20130612122052 =008 ***********************************Ind** =035 ##$$0010-061300000023399 =041 ##$$a Ind =082 ##$$a 2x6.4 =090 ##$$a 2x6.4, Mun m =100 ##$$a Munir, Lily Zakiyah =245 ##$$a Memposisikan kodrat perempuan dan perubahan dalam perspektif islam, Lily Zakiyah Minur =260 ##$$a 1999 $b Jakarta =300 ##$$a 164 hlm, 21 cm =650 ##$$a Kedudukan wanita =850 ##$$a NBPNMAT